000 00977nam a22003017a 4500
001 000736
003 DO-SdBPM
005 20250606100403.0
007 000736
008 161124b1992 sp a | 00| 0 spa d
020 _a8434811626
040 _aBPMSU
_bspa
_cBPMSU
082 4 _a863.6
_bG633p 2015
_222
100 1 _aGómez Cerdá, Alfredo,
_d1951-
245 1 4 _aLas palabras mágicas /
_cAlfredo Gómez Cerdá ; ilustraciones y cubierta, Margarita Puncel.
250 _a51ª ed.
260 _aMadrid :
_bEdiciones SM,
_c2015
300 _a83 p. :
_bil. ;
_c19 cm.
490 0 _aEl barco de vapor;
_aSerie naranja,
_v42
500 _aApartir de 9 años
586 _aFinalista del Premio El Barco de Vapor, 1982.
590 _aInventariado, 2025/VM
650 4 _a Cuentos infantiles españoles
650 4 _aLiteratura infantil española
700 1 _aPuncel, Margarita,
_eilustraciones
910 _aVMateo V. Control de calidad. BPMSU
942 _2ddc
_cBK
999 _c12078
_d12078